00543nam a2200145Ia 4500008004100000245016600041260001700207260000900224300000800233650002300241650001200264856002900276999001900305952007300324170516s9999 xx 000 0 und d aNoninvasive Theranostic Imaging of HSV1-sr39TK-NTR/GCV-CB1954 Dual-Prodrug Therapy in Metastatic Lung Lesions of MDA-MB-231 Triple Negative Breast Cancer in Mice bTheranostics c2014 a4:5 xMedical Technology xMedtech uhttp://www.thno.org/v4i5 c330573d330573 001040aCLbCLd2017-05-16l0r2017-05-16 00:00:00w2017-05-16yFOJ